000 00505nam a22001817a 4500
003 OSt
005 20260120040222.0
008 260120b |||||||| |||| 00| 0 eng d
020 _a971-581-134-5.
040 _aDWCL-Main lib
_cOC
082 _aFil. 641.5 Y82 2003
245 _aYour food and you :
_ba guide to better nutrition
260 _aManila :
_bPhilippine Publishing House,
_cc2003.
504 _aIncludes index.
650 _21. Cooking.
650 _22. Food.
942 _2ddc
_cBK - FIL
_kFil.
_n0
999 _c7578
_d7578